Adages Quiz Stats

 Plays Quiz Updated Dec 9, 2014

Score 0/30 Timer 07:00
3 Plays Today
Adage Guess % Correct
Never judge a book...by its cover
96.1%
You can't teach an old dog...new tricks
95.6%
Better to be safe...than sorry
94.5%
You cannot have your cake...and eat it too
91.3%
If at first you don't succeed...try try again
89.4%
A penny saved...is a penny earned
88.8%
When it rains...it pours
86%
The pen is mightier...than the sword
85.6%
Don't count your chickens...until they are hatched
81.6%
Birds of a feather...flock together
81.5%
Absence makes...the heart grow fonder
79.1%
You can lead a horse to water...but you can't make him drink
78.4%
Never look a gift horse...in the mouth
74.9%
Those who live in glass houses...shouldn't throw stones
72.7%
A stitch in time...saves nine
66.6%
Adage Guess % Correct
A rolling stone...gathers no moss
66.1%
What's good for the goose...is good for the gander
64.8%
She can't see the forest...for the trees
63.4%
A bird in the hand...is worth two in the bush
62.7%
The road to hell is paved...with good intentions
59.9%
Don't put the cart...before the horse
58.1%
Good fences make...good neighbors
56%
All work and no play makes...Jack a dull boy
53.1%
A place for everything and...everything in its place
52.4%
Early to bed and early to rise...makes a man healthy, wealthy and wise
48.9%
The squeaky wheel...gets the oil
48.4%
Necessity is...the mother of invention
43.5%
Laugh, and the world laughs with you...weep, and you weep alone
37.7%
An ounce of prevention...is worth a pound of cure
31.1%
Fools rush in...where angels fear to tread
22.4%

You're not logged in!

Compare scores with friends on all Sporcle quizzes.
OR
Log In

Show Comments

Extras

Top Quizzes Today


Score Distribution

Your Account Isn't Verified!

In order to create a playlist on Sporcle, you need to verify the email address you used during registration. Go to your Sporcle Settings to finish the process.

Report this User

Report this user for behavior that violates our Community Guidelines.

Details: